Trace elements in soils and plants (Record no. 11132)

MARC details
000 -LEADER
fixed length control field 03103nam a2200373Ia 4500
001 - CONTROL NUMBER
control field CRC00E93681PDF
003 - CONTROL NUMBER IDENTIFIER
control field BD-DhSAU
005 - DATE AND TIME OF LATEST TRANSACTION
control field 20151012144300.0
006 - FIXED-LENGTH DATA ELEMENTS--ADDITIONAL MATERIAL CHARACTERISTICS
fixed length control field m|||||o||d||||||||
007 - PHYSICAL DESCRIPTION FIXED FIELD--GENERAL INFORMATION
fixed length control field cr||||
008 - FIXED-LENGTH DATA ELEMENTS--GENERAL INFORMATION
fixed length control field 110310s2011 fluad sb 001 0 eng d
020 ## - INTERNATIONAL STANDARD BOOK NUMBER
International Standard Book Number 9781420093704 (ebook : PDF)
040 ## - CATALOGING SOURCE
Original cataloging agency BD-DhSAU
Transcribing agency BD-DhSAU
090 ## - LOCALLY ASSIGNED LC-TYPE CALL NUMBER (OCLC); LOCAL CALL NUMBER (OCLC)
Classification number (OCLC) (R) ; Classification number, CALL (RLIN) (NR) S592.6.T7
Local cutter number (OCLC) ; Book number/undivided call number, CALL (RLIN) K3 2011
092 ## - LOCALLY ASSIGNED DEWEY CALL NUMBER (OCLC)
Classification number 631.41
Item number K112
100 1# - MAIN ENTRY--PERSONAL NAME
Personal name Kabata-Pendias, Alina.
245 10 - TITLE STATEMENT
Title Trace elements in soils and plants
Medium [electronic resource] /
Statement of responsibility, etc. Alina Kabata-Pendias.
250 ## - EDITION STATEMENT
Edition statement 4th ed.
260 ## - PUBLICATION, DISTRIBUTION, ETC. (IMPRINT)
Place of publication, distribution, etc. Boca Raton, Fla. :
Name of publisher, distributor, etc. CRC Press,
Date of publication, distribution, etc. 2011.
300 ## - PHYSICAL DESCRIPTION
Extent xxviii, 520 p. :
Other physical details ill.
504 ## - BIBLIOGRAPHY, ETC. NOTE
Bibliography, etc Includes bibliographical references and index.
505 0# - FORMATTED CONTENTS NOTE
Formatted contents note ch. 1. The biosphere -- ch. 2. The anthroposphere -- ch. 3. Soils and soil processes -- ch. 4. Soil constituents -- ch. 5. Trace elements in plants -- ch. 6. Elements of group 1 (Previously group Ia) -- ch. 7. Elements of group 2 (Previously group IIa) -- ch. 8. Elements of group 3 (Previously group IIIb) -- ch. 9. Elements of group 4 (Previously group IVb) -- ch. 10. Elements of group 5 (Previously group Vb) -- ch. 11. Elements of group 6 (Previously group VIb) -- ch. 12. Elements of group 7 (Previously group VIIb) -- ch. 13. Elements of group 8 (Previously part of group VIII) -- ch. 14. Elements of group 9 (Previously part of group VIII) -- ch. 15. Elements of group 10 (Previously part of group VIII) -- ch. 16. Elements of group 11 (Previously group Ib) -- ch. 17. Trace elements of group 12 (Previously of group IIb) -- ch. 18. Elements of group 13 (Previously group IIIa) -- ch. 19. Elements of group 14 (Previously group IVa) -- ch. 20. Elements of group 15 (Previously group Va) -- ch. 21. Elements of group 16 (Previously group VIa) -- ch. 22. Elements of group 17 (Previously group VIIa).
520 ## - SUMMARY, ETC.
Summary, etc. "This fourth edition of a bestseller reflects the explosion of research during the past decade regarding trace elements and the environment related to the soil-plant system. It provides information on the biogeochemistry of trace elements in the soil-plant system and how these elements control our food quality. It discusses the assessment of natural/background content of trance elements in soil, bioindication of chemical status of environmental compartments, soil remediation, and hyperaccumulation and phytoextraction of trace metals from the soil. The table of contents reflects the IUPAC's recommendation for numbering element groups, giving the new edition an updated organizational flow"--
Assigning source Provided by publisher.
530 ## - ADDITIONAL PHYSICAL FORM AVAILABLE NOTE
Additional physical form available note Also available in print edition.
538 ## - SYSTEM DETAILS NOTE
System details note Mode of access: World Wide Web.
650 #0 - SUBJECT ADDED ENTRY--TOPICAL TERM
Topical term or geographic name as entry element Soils
General subdivision Trace element content.
650 #0 - SUBJECT ADDED ENTRY--TOPICAL TERM
Topical term or geographic name as entry element Plants
General subdivision Effect of trace elements on.
650 #0 - SUBJECT ADDED ENTRY--TOPICAL TERM
Topical term or geographic name as entry element Plants
General subdivision Composition.
650 #0 - SUBJECT ADDED ENTRY--TOPICAL TERM
Topical term or geographic name as entry element Trace elements.
650 #0 - SUBJECT ADDED ENTRY--TOPICAL TERM
Topical term or geographic name as entry element Plant-soil relationships.
655 #7 - INDEX TERM--GENRE/FORM
Genre/form data or focus term Electronic books.
Source of term lcsh
776 1# - ADDITIONAL PHYSICAL FORM ENTRY
International Standard Book Number 9781420093681
856 40 - ELECTRONIC LOCATION AND ACCESS
Uniform Resource Identifier <a href="http://marc.crcnetbase.com/isbn/9781420093704">http://marc.crcnetbase.com/isbn/9781420093704</a>
Electronic format type application/PDF

No items available.